Welcome to CU Library Online Public Access Catalogue (OPAC)

Globalization and diversity : (Record no. 2481)

MARC details
000 -LEADER
fixed length control field 00707cam a22002174a 4500
001 - CONTROL NUMBER
control field 13575405
005 - DATE AND TIME OF LATEST TRANSACTION
control field 20250109100241.0
008 - FIXED-LENGTH DATA ELEMENTS--GENERAL INFORMATION
fixed length control field 040428s2005 njuab 001 0 eng
020 ## - INTERNATIONAL STANDARD BOOK NUMBER
International Standard Book Number 0131477390
020 ## - INTERNATIONAL STANDARD BOOK NUMBER
International Standard Book Number 9780131477391
050 00 - LIBRARY OF CONGRESS CALL NUMBER
Classification number HF1025
Item number .G59 2005
082 00 - DEWEY DECIMAL CLASSIFICATION NUMBER
Classification number 330.9
Edition information 22
245 00 - TITLE STATEMENT
Title Globalization and diversity :
Remainder of title geography of a changing world /
Statement of responsibility, etc. Les Rowntree ... [et al.].
260 ## - PUBLICATION, DISTRIBUTION, ETC.
Place of publication, distribution, etc. Upper Saddle River, NJ :
Name of publisher, distributor, etc. Pearson Prentice Hall,
Date of publication, distribution, etc. c2005.
300 ## - PHYSICAL DESCRIPTION
Extent xix, 435 p. :
Other physical details col. ill., col. maps ;
Dimensions 28 cm. +
Accompanying material 1 CD ROM (4 3/4 in.)
500 ## - GENERAL NOTE
General note Includes index.
650 #0 - SUBJECT ADDED ENTRY--TOPICAL TERM
Topical term or geographic name entry element Economic geography.
650 #0 - SUBJECT ADDED ENTRY--TOPICAL TERM
Topical term or geographic name entry element Globalization.
700 1# - ADDED ENTRY--PERSONAL NAME
Personal name Rowntree, Lester,
Dates associated with a name 1938-
942 ## - ADDED ENTRY ELEMENTS (KOHA)
Source of classification or shelving scheme Library of Congress Classification
Koha item type Books
Suppress in OPAC No
999 ## -
-- 2481
-- 2481
Holdings
Withdrawn status Lost status Source of classification or shelving scheme Damaged status Not for loan Collection Home library Current library Shelving location Date acquired Total checkouts Full call number Barcode Date last seen Copy number Price effective from Koha item type
    Library of Congress Classification     Non-fiction Business Library (Miotso) Business Library (Miotso) General stacks 01/09/2025   HF1025 .G59 2005 BSSM00000378 01/09/2025 1 01/09/2025 Books
© 2023-2024 Copyright: Central University Libraries. All Rights Reserved | Created by: Mahone Tech Office